Nonlinear controllability and optimal control /

Guardado en:
Otros Autores: Sussmann, Hector J., 1946-
Formato: Libro
Idioma:English
Publicado: New York : M. Dekker, c1990.
Series:Monographs and textbooks in pure and applied mathematics ; 133
Materias:
Etiquetas: Agregar Etiqueta
Sin Etiquetas, Sea el primero en etiquetar este registro!
LEADER 00778pam a2200229 a 4500
001 MAT.inmabb006011
008 900125s1990####nyua#####b####001#0#eng##
005 20170519125947.0
245 0 0 |a Nonlinear controllability and optimal control /  |c edited by H.J. Sussmann. 
260 |a New York :  |b M. Dekker,  |c c1990. 
300 |a viii, 472 p. :  |b il. ;  |c 24 cm. 
440 0 |a Monographs and textbooks in pure and applied mathematics ;  |v 133 
504 |a Incluye referencias bibliográficas. 
510 4 |a MR,  |c 91b:93001 
020 |a 0824782585 (alk. paper) 
700 1 |a Sussmann, Hector J.,  |d 1946- 
650 0 |a Control theory. 
650 0 |a Mathematical optimization. 
084 |a 93-XX  |2 MR 
010 |a  90031438  
040 |a DLC  |c DLC  |d DLC 
859 |h 93  |i N813  |p A-6328  |b BIB. MATEMATICA